000 00505nam a22001937a 4500
003 MPLRDC
005 20220104143535.0
008 210129b ||||| |||| 00| 0 eng d
020 _a957-32-3922-1
082 _a494.35 DCLF
100 _a大川隆法
245 _a工作与爱
_c幸福的科学 译
250 _a初版二刷
260 _a台湾
_b远流出版事业股份有限公司
_c2000
300 _b164
490 _a励志馆. 91
650 _a职场成功法
942 _cBK
_o494.35 DCLF
999 _c40911
_d40901